Maryland Football: Top 10 All-Time Leaders - Statistics

General Stats
  • This quiz has been taken 7 times
  • The average score is 18 of 63
Answer Stats
Category # Player Amount % Correct
Receiving Yards 2 Stefon Diggs 2,227
100%
Passing Yards 1 Taulia Tagovailoa 11,256
80%
Interceptions T4 A.J. Johnson 12
60%
Interceptions T4 Bob Smith 12
60%
Passing Yards 4 Boomer Esiason 6,259
60%
Sacks T5 Charles Johnson 19.0
60%
Tackles 4 D'Qwell Jackson 447
60%
Receiving Yards 3 Torrey Smith 2,215
60%
Rushing Yards 4 Ty Johnson 2,635
60%
Rushing Yards 2 Charlie Wysocki 3,317
40%
Receiving Yards 8 D.J. Moore 2,027
40%
Receiving Yards 7 Jeshaun Jones 2,040
40%
Interceptions 2 Lendell Jones 14
40%
Passing Yards 2 Scott Milanovich 7,301
40%
Sacks 3 Shawne Merriman 22.0
40%
Tackles 10 Alex Wujciak 381
20%
Sacks 1 Andre Monroe 25.0
20%
Receiving Yards 10 Azizuddin Abdur-Ra'oof 1,895
20%
Interceptions T4 Bernie Faloney 12
20%
Interceptions 3 Bob Sullivan 13
20%
Tackles 8 Brad Carr 386
20%
Rushing Yards 5 Brandon Ross 2,543
20%
Sacks T9 Bruce Mesner 18.0
20%
Sacks T5 Bruce Palmer 19.0
20%
Rushing Yards 7 Bruce Perry 2,424
20%
Passing Yards 3 Chris Turner 6,543
20%
Tackles 3 Chuck Faucette 466
20%
Passing Yards 5 C.J. Brown 5,372
20%
Interceptions T7 Curome Cox 10
20%
Passing Yards 9 Dan Henning 4,560
20%
Passing Yards 10 Danny O'Brien 4,086
20%
Rushing Yards 10 Da'Rel Scott 2,401
20%
Receiving Yards 5 Darrius Heyward-Bey 2,089
20%
Rushing Yards 9 Devin Meggett 2,411
20%
Receiving Yards 9 Dontay Demus Jr. 2,008
20%
Tackles 2 E.J. Henderson 473
20%
Sacks T9 E.J. Henderson 18.0
20%
Tackles 6 Eric Barton 417
20%
Sacks 8 Eric Ogbogu 18.5
20%
Tackles 1 Eric Wilson 481
20%
Receiving Yards 6 Geroy Simon 2,059
20%
Sacks T9 Gurnest Brown 18.0
20%
Interceptions T7 Howard Eubanks 10
20%
Receiving Yards 1 Jermaine Lewis 2,932
20%
Interceptions T7 Ken Schroy 10
20%
Rushing Yards 1 LaMont Jordan 4,147
20%
Rushing Yards 6 Lance Ball 2,487
20%
Interceptions T7 Lewis Sanders 10
20%
Interceptions T7 Lloyd Burruss 10
20%
Sacks T5 Mark Duda 19.0
20%
Sacks 2 Michael Corvino 24.0
20%
Tackles 7 Mike Jarmolowich 414
20%
Passing Yards 8 Neil O'Donnell 4,989
20%
Interceptions T7 Ralph Lary 10
20%
Tackles 5 Ratcliff Thomas 424
20%
Rushing Yards 8 Rick Badanjek 2,417
20%
Passing Yards 7 Sam Hollenbach 5,139
20%
Passing Yards 6 Scott O'Brien 5,169
20%
Tackles 9 Scott Saylor 382
20%
Rushing Yards 3 Steve Atkins 2,971
20%
Receiving Yards 4 Tai Felton 2,207
20%
Interceptions 1 Tom Brown 17
20%
Sacks 4 Yannick Ngakoue 21.5
20%
No matching quizzes found
Score Distribution
Percent of People with Each Score
Percentile by Number Answered
Your Score History
You have not taken this quiz